MCTS self-paced training kits (Exam 70-433): (Record no. 37494)

MARC details
000 -LEADER
fixed length control field 00812nam a22002057a 4500
005 - DATE AND TIME OF LATEST TRANSACTION
control field 20100724105822.0
010 ## - LCCN (DPL NO)
LC control number ENG-96667
020 ## - INTERNATIONAL STANDARD BOOK NUMBER
International Standard Book Number 9788120338876
Terms of availability 595.00
035 ## - SYSTEM CONTROL NUMBER
System control number EN-80200
037 ## - SOURCE OF ACQUISITION
Source of stock number/acquisition DBAD/PUB
082 ## - DEWEY DECIMAL CLASSIFICATION NUMBER
Classification number 005.7585
100 ## - MAIN ENTRY--PERSONAL NAME
Personal name Thernstrom, Tobias
245 ## - TITLE STATEMENT
Title MCTS self-paced training kits (Exam 70-433):
Remainder of title Microsoft SQL server 2008-Database development /
Statement of responsibility, etc by Tobias Thernstrom... [et al]
260 ## - PUBLICATION, DISTRIBUTION, ETC. (IMPRINT)
Place of publication, distribution, etc New Delhi
Name of publisher, distributor, etc PHI Learning
Date of publication, distribution, etc 2009
270 ## - ADDRESS
Address M-97, Connaught Circus
City New Delhi
Postal code 110001
300 ## - PHYSICAL DESCRIPTION
Extent xxii, 456p.
Dimensions 24cm (Hb)
Accompanying material 1CD-ROM
500 ## - GENERAL NOTE
General note includes index
942 ## - ADDED ENTRY ELEMENTS (KOHA)
Source of classification or shelving scheme Dewey Decimal Classification
Item type English Books
Classification part 005.7585
Call number suffix THE
Holdings
Withdrawn status Lost status Not for loan Collection code Home library Current library Date acquired Source of acquisition Cost, normal purchase price Full call number Barcode Copy number Cost, replacement price Koha item type
    Not For Loan Non-fiction D.B.Act.Division D.B.Act.Division 24/07/2010 DBAD/PUB 595.00 005.7585 THE EN-80200 1 595.00 English Books

© Delhi Public Library
Hit Counter
free hit counter